El gusto / (Record no. 27601)
[ view plain ]
| 000 -LEADER | |
|---|---|
| fixed length control field | 01001cam a2200313Ia 4500 |
| 001 - CONTROL NUMBER | |
| control field | sjds35233401 |
| 003 - CONTROL NUMBER IDENTIFIER | |
| control field | sjds |
| 005 - DATE AND TIME OF LATEST TRANSACTION | |
| control field | 20221222111620.0 |
| 008 - FIXED-LENGTH DATA ELEMENTS--GENERAL INFORMATION | |
| fixed length control field | 960813s1996 sp a j 000 0 spa d |
| 020 ## - INTERNATIONAL STANDARD BOOK NUMBER | |
| International Standard Book Number | 8434847795 |
| 020 ## - INTERNATIONAL STANDARD BOOK NUMBER | |
| International Standard Book Number | 9788434847798 |
| 040 ## - CATALOGING SOURCE | |
| Original cataloging agency | CS1 |
| Transcribing agency | CS1 |
| Modifying agency | VHB |
| -- | CSP |
| 041 1# - LANGUAGE CODE | |
| Language code of text/sound track or separate title | spa |
| Language code of original | fre |
| 100 1# - MAIN ENTRY--PERSONAL NAME | |
| Personal name | Kniffke, Sophie. |
| 245 03 - TITLE STATEMENT | |
| Title | El gusto / |
| Statement of responsibility, etc. | ilustrado por Sophie Kniffke ; realizado por Gallimard Jeunesse, Claude Delafosse y Sophie Kniffke ; traduccion, Paz Barroso. |
| 260 ## - PUBLICATION, DISTRIBUTION, ETC. (IMPRINT) | |
| Place of publication, distribution, etc. | Madrid : |
| Name of publisher, distributor, etc. | Ediciones SM, |
| Date of publication, distribution, etc. | c1996. |
| 300 ## - PHYSICAL DESCRIPTION | |
| Extent | 1 v. (unpaged) : |
| Other physical details | col. ill. ; |
| Dimensions | 19 cm. |
| 490 1# - SERIES STATEMENT | |
| Series statement | Mundo maravilloso ; |
| Volume/sequential designation | 41. |
| 500 ## - GENERAL NOTE | |
| General note | Translation of: Le gout. |
| 500 ## - GENERAL NOTE | |
| General note | Pagination includes 10 pages of transparencies. |
| 650 #1 - SUBJECT ADDED ENTRY--TOPICAL TERM | |
| Topical term or geographic name as entry element | Taste. |
| 650 #1 - SUBJECT ADDED ENTRY--TOPICAL TERM | |
| Topical term or geographic name as entry element | Flavor. |
| 650 #1 - SUBJECT ADDED ENTRY--TOPICAL TERM | |
| Topical term or geographic name as entry element | Toy and movable books. |
| 700 1# - ADDED ENTRY--PERSONAL NAME | |
| Personal name | Delafosse, Claude. |
| 700 1# - ADDED ENTRY--PERSONAL NAME | |
| Personal name | Barroso, Paz |
| Relator term | traduccion |
| 710 2# - ADDED ENTRY--CORPORATE NAME | |
| Corporate name or jurisdiction name as entry element | Gallimard Jeunesse (Publisher) |
| 830 #0 - SERIES ADDED ENTRY--UNIFORM TITLE | |
| Uniform title | Mundo maravilloso ; |
| Volume number/sequential designation | 41. |
| 942 ## - ADDED ENTRY ELEMENTS (KOHA) | |
| Koha item type | Libro/Book |
| Withdrawn status | Lost status | Damaged status | Not for loan | Home library | Current library | Date acquired | Inventory number | Total Checkouts | Full call number | Barcode | Date last seen | Date checked out | Price effective from | Koha item type |
|---|---|---|---|---|---|---|---|---|---|---|---|---|---|---|
| San Juan Del Sur -- Mobile | San Juan Del Sur -- Mobile | 22/12/2022 | Inventory date: 10-2-25 | 2 | JNC | 33016827 | 22/11/2024 | 01/03/2024 | 22/12/2022 | Libro/Book | ||||
| San Juan Del Sur -- Mobile | San Juan Del Sur -- Mobile | 22/12/2022 | Inventory date: 10-2-25 | 3 | JNC | 33016831 | 16/04/2024 | 16/04/2024 | 22/12/2022 | Libro/Book | ||||
| San Juan Del Sur -- Mobile | San Juan Del Sur -- Mobile | 10/02/2023 | Inventory date: 1-2-25 | JES | 30029648 | 10/02/2023 | 10/02/2023 | Libro/Book | ||||||
| San Juan Del Sur -- Mobile | San Juan Del Sur -- Mobile | 10/02/2023 | Inventory date: 1-2-25 | JES | 30029654 | 10/02/2023 | 10/02/2023 | Libro/Book |